000 00891cab a22002055a 4500
001 L150863
008 100908e20100731xxk 000 0 eng d
035 _a(Sirsi) u150863
041 0 _aeng
100 1 _aDrummond-Brassington, Danielle
245 0 0 _aDon't get barred from business
260 _c2010
490 _aEstates Gazette
_v(1030) 31 July 2010, 60(1)
520 _aBribery Act 2010 will come into force in April 2011. The offences will cover public and private sector bribery and will include a person offering to receive or accept an advantage in circumstances involving the improper performance of a relevant function or activity. Penalties are up to 10 years imprisonment or an unlimited fine for individuals.
590 _aKA
650 2 4 _aBRIBERY ACT 2010
651 4 _aUnited Kingdom
_y
690 _aMANAGEMENT-BUSINESS MANAGEMENT-PROFESSIONAL PRACTICE
942 _n0
999 _c82658
_d82658